Central Library OPAC University of Rajshahi

The foundation of human thought : (Record no. 30107)

MARC details
000 -LEADER
fixed length control field 00947nam a2200277 a 4500
001 - CONTROL NUMBER
control field 30107
003 - CONTROL NUMBER IDENTIFIER
rucl marc code BD-RjUL
005 - DATE AND TIME OF LATEST TRANSACTION
control field 20211209051520.0
008 - FIXED-LENGTH DATA ELEMENTS--GENERAL INFORMATION
fixed length control field 140409s1949 enk 000 0 eng d
035 ## - SYSTEM CONTROL NUMBER
System control number (BD-RjUL)30192
040 ## - CATALOGING SOURCE
Original cataloging agency DLC
Transcribing agency IQU
Modifying agency EQO
-- BD-RjUL
Language of cataloging eng
041 ## - LANGUAGE CODE
Language code of text/sound track or separate title eng
082 ## - DEWEY DECIMAL CLASSIFICATION NUMBER
Classification number 198.9
Author mark and year KRF 1949
100 1# - MAIN ENTRY--PERSONAL NAME
Personal name Kruse, Frederik Vinding,
Dates associated with a name 1880-1963.
9 (RLIN) 91544
245 14 - TITLE STATEMENT
Title The foundation of human thought :
Remainder of title the problem of science and ethics /
Statement of responsibility, etc. by Fr. Vinding Kruse.
260 ## - PUBLICATION, DISTRIBUTION, ETC. (IMPRINT)
Place of publication, distribution, etc. London :
Name of publisher, distributor, etc. Oxford University Press,
Date of publication, distribution, etc. 1949.
300 ## - PHYSICAL DESCRIPTION
Pagination 404 p. ;
Size 26 cm.
500 ## - GENERAL NOTE
General note Translation of Erkendelse og vurdering.
General note Translated by Annie Fausbøll with the exception of 4 chapters which were tr. by Ingeborg Lund.
650 #0 - SUBJECT ADDED ENTRY--TOPICAL TERM
Topical term or geographic name as entry element Science
General subdivision Philosophy.
9 (RLIN) 91545
Topical term or geographic name as entry element Knowledge, Theory of.
9 (RLIN) 91546
Topical term or geographic name as entry element Ethics.
9 (RLIN) 91547
942 ## - ADDED ENTRY ELEMENTS (KOHA)
Source of classification or shelving scheme Dewey Decimal Classification
Koha item type Books
Holdings
Lost status Source of classification or shelving scheme Damaged status Not for loan Collection code Permanent Location Current Location Shelving location Date acquired Source of acquisition Cost, normal purchase price Total Checkouts Full call number Date last seen Copy number Koha item type
  Dewey Decimal Classification   Added to bundle Non-fiction Central Library, University of Rajshahi Central Library, University of Rajshahi Reading Room 10/08/1955 O.U.P 15.00   198.9 KRF 1949 09/04/2014 C-1 Books
  Dewey Decimal Classification   Not For Loan Non-fiction Central Library, University of Rajshahi Central Library, University of Rajshahi Reading Room 02/02/1956 A.B.C 24.50   198.9 KRF 1949 09/04/2014 C-1 Books